000 00612nam a2200229Ia 4500
003 OSt
005 20220928102001.0
006 a|||||r|||| 00| 0
007 ta
008 220927b |||||||| |||| 00| 0 eng d
024 _a40060
037 _cTextual
040 _aSDCL
_cSDCL
_beng
041 _2eng
_aeng
082 _aV2,21y7N4, N3
100 _aSeshan N K
_9396082
245 0 _aWith three prime ministers Nehru Indira and Rajiv
260 _aNew Delhi
_bWiley Easter
_c1993
300 _a136p
_ccm.
942 _hV2,21y7N4, N3
_cTEXL
_2CC
999 _c711781
_d711781